| 000 | 01257nam a2200289 a 4500 | ||
|---|---|---|---|
| 999 |
_c635 _d635 |
||
| 003 | AR-BaISA | ||
| 005 | 20190826105459.0 | ||
| 007 | ta | ||
| 008 | 190123s2019 sp ad | |||| 001 0 spa d | ||
| 020 | _a9788491130963 | ||
| 020 |
_a9788491131243 _qeISBN |
||
| 040 | _cAR-BaISA | ||
| 082 |
_222 _a615.9 G448 |
||
| 130 | 0 | _aMedicina legal y toxicología | |
| 245 | 1 | 0 |
_aMedicina legal y toxicología / _cEditado por Enrique Villanueva Cañadas |
| 250 | _a7ª ed. | ||
| 260 |
_aBarcelona: _bElsevier, _c2019 |
||
| 300 |
_aX, 1466 p.: _bil., graf.; _c28 cm. |
||
| 504 | _aBibliografía al final de cada capítulo | ||
| 504 | _aÍndice p: 1435-1466 | ||
| 505 |
_tINTRODUCCIÓN -- _tDERECHO MÉDICO -- _tMEDICINA LEGAL TANATOLÓGICA -- _tMEDICINA LEGAL LABORAL Y DEPORTIVA -- _tMEDICINA LEGAL SEXOLÓGICA Y DE LA REPRODUCCIÓN -- _tMEDICINA LEGAL DEL RECIÉN NACIDO Y DE LA INFANCIA -- _tTOXICOLOGÍA -- _tTOXICOLOGÍA ESPECIAL -- _tPSIQUIATRÍA FORENSE GENERAL -- _tPSIQUIATRÍA FORENSE ESPECIAL -- _tMEDICINA LEGAL PENITENCIARIA -- _tIDENTIFICACIÓN |
||
| 650 | 1 | 4 |
_aMedicina legal _9399 |
| 650 | 1 | 4 |
_aToxicología _91521 |
| 700 | 1 |
_aGisbert Calabuig, Juan Antonio _eaut. _91522 |
|
| 700 | 1 |
_aVillanueva Cañadas, Enrique _eed. _91523 |
|
| 942 |
_2ddc _cLI |
||